Quizzes
Events
Quiz Creation
Community
Videos
Private Events
Remove Ads
Sign In
Join for FREE
Feedback
Dark Mode
Quiz Categories
Sports
Geography
Music
Movies
Television
Just For Fun
Miscellaneous
History
Literature
Language
Science
Gaming
Entertainment
Religion
Holiday
For Kids
Quiz Lab
Recent
Popular Today
Quiz Kudos Today
Editor Picks
Curator Picks
Quizzes by...
Day
Popularity
Type
Ratings
Length
Year
Community
Subscriptions
Recent Discussions
Orange Saloon
Badges
Playlists
Quests
Create
Leaderboards
Showdown
Live 5
Trivia Bingo
Activity
Puzzle Library
Sporcle Events
Private Events
Virtual Trivia
Globe League
Become a Host
Pub Owners
SporcleCon
Opinionation
Our Games
Videos
Blog
Mobile Apps
Partnerships
Remove Ads and Go Orange
Feedback
Movies
Disney
Marvel Cinematic Universe
Movie Resume
Movie Titles
Oscar
Actor
Actress
Director
Pixar
Role
Movie Quotes
Movie Characters
Box Office
Nominee
Best Picture
Star Wars
James Bond
Horror Movies
Movies
Disney
Marvel Cinematic Universe
Movie Resume
Movie Titles
Oscar
Actor
Actress
Director
Pixar
Role
Movie Quotes
Movie Characters
Box Office
Nominee
Best Picture
Star Wars
James Bond
Horror Movies
Random Quiz
Search Sporcle
×
Curator Pick
Curator Pick
Movies
Numbers
Type in answers that appear in a list
Type in answers that appear in a list
Classic
Best Score? Go Orange.
10 Things I Hate About You Stats
Can you name the words of the 10 Things I Hate About You poem?
By
abk94
8m
18 Questions
1,761 Plays
1,761 Plays
1,761 Plays
Comments
Comments
Give Quiz Kudos
Give Quiz Kudos
-
- Ratings
hide this ad
Forced Order
Answers have to be entered in order
Answers have to be entered in order
Replay
Link that replays current quiz
Next Quiz
Link to next quiz in quiz playlist
You Got
0%
They Got
Avg Score
74%
Avg Friend Score
Upgrade to see
Score Distribution
Jump to the score distribution portion of the page
Score
0/18
Timer
08:00
0
Plays Today
Line
Missing Word(s)
% Correct
Not even
at all
87.5%
Even worse when
you make me cry
87%
I hate the way you drive
my car
86.6%
and the way you read
my mind
84.1%
Not even
a little bit
83.6%
It even makes me
rhyme
83.4%
I hate it when you make
me laugh
82%
I hate it when you
stare
76.4%
I hate your big
dumb combat boots
75.4%
Line
Missing Word(s)
% Correct
I hate the way you're
always right
74.2%
And the fact
that you didn't call
68.8%
and the way you
cut your hair
67.9%
I hate it when you
lie
67.7%
I hate you so much it makes
me sick
67%
But mostly I hate
that I don't hate you
64.4%
Not even
close
62.1%
I hate the way you're
not around
61.3%
I hate the way
you talk to me
58.7%
Quiz Playlist
Details
Report
Send in Message
Add To Playlist
Classic:
Type in answers that appear in a list
Forced Order:
Answers have to be entered in order
Last Updated: Feb 16, 2017
Curator Pick in
Poem
Quiz Scoreboard
CHALLENGE
Sign Up to Join the Scoreboard
Show All
Scores
Hide
Comments
May contain spoilers
Recently Published
NBA Finals Game Top Scorers (2010s)
by flibbidy
Sports
5m
Guess the 'R' Things in 3 Words
by MSUKent
Miscellaneous
3m
Actor to Badly Drawn Movie III
by MoMosMoProblems
Movies
5m
More to Explore
Quiz From the Vault
Featured Blog Post
Where Does Lost Luggage Go?
hide this ad
You Might Also Like...
Tags
Numbers Quiz
Poem Quiz
10 Things
hate
Today's Top Quizzes in Movies
Browse Movies
hide this ad
Today's Top Quizzes in Numbers
Browse Numbers
Top Contributed Quizzes in Movies
1
Pixar Reveal II
2
How Long Is the Movie Title?
3
Pixar Reveal III
4
10 Quentin Tarantino Movies in Order
5
Adjectives in 00s Movies
6
Pixar Reveal IV
7
Movie Stars Gone to the Dogs
8
Adjectives in 10s Movies
9
Pixar Reveal V
10
Adjectives in 90s Movies
Explore More
Trending Topics
Marvel
Crossword
Harry Potter
NBA
Disney
Anime
Kpop
Pokémon
Country
WWE
NFL
Puzzle
Song
The Office
Soccer
hide this ad
More By:
abk94
Quiz
Plays
Rating
Category
Featured
Created
One Tree Hill Characters
2,901
4.50
Television
Feb 22, 2010
10 Things I Hate About You
1,761
3.83
Movies
Feb 27, 2010
iTunes' Most Downloaded Songs
370
2.86
Music
Feb 27, 2010
High School Movies by Actor(s)
347
5.00
Movies
Feb 27, 2010
Before and After Movies
213
3.20
Movies
Aug 12, 2010
Go to Creator's Profile
Score Distribution
Quiz Creator Spotlight
abk94
Follow
Send a Message
Quizzes Created
-
Created Quiz Play Count
-
More By This Creator
Popular Quizzes Today
1
Find the US States - No Outlines Minefield
2
Find the US States
3
The Countries of the World
4
10 Largest US States in Order
5
Find the Countries of Europe - No Outlines Minefield
6
US States
7
Guess the 'R' Things in 3 Words
8
NBA Finals Game Top Scorers (2010s)
More Movies Quizzes
Nicolas Cage and His Face
Published
Trending Quizzes
First Name TV: Leading Men
Match the Book to the Film II
3-Word Movies in 1 Word II
First Name TV: Leading Women Drama
Match the Book to the Film VI
Recently Updated
Women's Final Four Teams by Year
bhenderson79
Presidents Quartet II
eogle
Anything But Clue(do)
eogle
Anything But Oceanian Capitals
eogle
Anything But 7
eogle
Anything But Thing
eogle
Word Ladder: February 29
pecheneg
Song Title Questions
pecheneg
Women's NCAA Tournament #1 Seeds
pecheneg
Celebrity Mug Shots
pecheneg
Trending Topics
Crossword
Disney
Marvel
Kpop
Harry Potter
Anime
NBA
The Office
Song
Puzzle
NFL
Country
Pokémon
WWE
Soccer
Your Account Isn't Verified!
In order to create a playlist on Sporcle, you need to verify the email address you used during registration. Go to your
Sporcle Settings
to finish the process.
Report this User
Report this user for behavior that violates our
Community Guidelines
.
Details:
Send Report
Go to the Sporcle.com Mobile Site →
Comments